| 000 | 00386nam a2200169Ia 4500 | ||
|---|---|---|---|
| 008 | 210210b1956 xxu||||| |||| 00| 0 eng d | ||
| 041 | _aeng | ||
| 082 | _a590/173 | ||
| 100 | _aJOHNSON | ||
| 245 | _aGeneral biology | ||
| 260 |
_aNew York _bHenry Holt and Company _c1956 |
||
| 650 | _aGeneral | ||
| 650 | _abiology | ||
| 690 | _aZoology | ||
| 700 | _aand others | ||
| 906 | _a010745 | ||
| 999 |
_c138634 _d138634 |
||